Bundesländer nach Wappen der Landeshauptstadt - Statistiken

Allgemein
  • Dieses Quiz wurde 40 mal gespielt
    23 seit der letzten Aktualisierung
  • Das Durchschnittsergebnis liegt bei 9 aus 16
Antwortstatistiken
Bildquiz Antwort % Korrekt
Berlin
95%
Bremen
79%
Hamburg
74%
Bayern
58%
Baden-Württemberg
53%
Saarland
53%
Schleswig-Holstein
53%
Brandenburg
47%
Niedersachsen
47%
Nordrhein-Westfalen
47%
Sachsen
47%
Sachsen-Anhalt
47%
Hessen
42%
Mecklenburg-Vorpommern
42%
Rheinland-Pfalz
42%
Thüringen
42%
Keine übereinstimmenden Quizze gefunden
Verteilung der Resultate
Anzahl Personen mit jedem Resultat
Perzentil nach korrekt beantworteten Fragen
Ihre Resultats-Entwicklung
Sie haben dieses Quiz seit der letzten Aktualisierung nicht gespielt